01181nam a22002657a 4500001000500000005001700005020001800022040003200040082001200072100001600084245007000100246002700170250003600197260003500233300006500268505000800333520027500341520009300616521002900709521001900738650007300757650002800830700002700858700003000885108420250904081949.0 a9789995005061 aFISKH bengcFISKH dFISKH  a629.222 aDary, Heng  aសៀវភៅរូបភាពយាន្តជំនិះ / aPicture book vehicles  a9th Published in November, 2021 aPhnom Penh : bSipar, c2021.  a28 unnumbered pages : bcolor illustrations ; c20 x 21 cm.  aG  aសៀវភៅនេះរៀបរាប់អំពីយានជំនិះសម្រាប់ធ្វើដំណើរទាំងនៅលើផ្លូវគោក ផ្លូវទឹក ផ្លូវដែក និងផ្លូវអាកាស។ aThis book describes vehicles that travel on the road, on water, by rail, and in the air. a350 bLexile estimate  aG bRaz-Plus  aយាន្តជំនិះvនៅតាមដងផ្លូវ aVehicles von the roads aVanthary, Oum cEditor aVisuth, Sengcillustrator